| 000 | 00637nam a2200169Ia 4500 | ||
|---|---|---|---|
| 008 | 150610s9999 xx 000 0 und d | ||
| 020 | _a9781439102121 (pbk.) | ||
| 050 |
_aHD9696.8 _b.U64F335 2010 |
||
| 100 | _aKirkpatrick, David | ||
| 245 | 4 |
_aThe facebook effect: _bthe inside story of the company that is connecting the world / _cDavid Kirkpatrick. |
|
| 260 |
_aNew York : _bSimon & Schuster Paperbacks, _c2010. |
||
| 300 |
_a372pages ; _c24 cm. |
||
| 504 | _aIncludes bibliographical references and index. | ||
| 520 | _aFacebook (Firm). | ||
| 650 |
_aInternet industry _xUnited States. |
||
| 650 |
_aOnline social networks _xHistory. |
||
| 999 |
_c287988 _d287988 |
||